20 Countries Closest to The Netherlands - Statistics

General Stats
  • This quiz has been taken 3,958 times
  • The average score is 18 of 20
Answer Stats
Hint Answer % Correct
0 km Germany
100%
0 km Belgium
99%
68 km France
99%
138 km United Kingdom
98%
206 km Denmark
97%
445 km Austria
96%
63 km Luxembourg
96%
470 km Poland
96%
456 km Sweden
96%
504 km Norway
95%
377 km Switzerland
95%
514 km Italy
94%
666 km Ireland
92%
471 km Liechtenstein
80%
739 km Slovenia
80%
829 km Slovakia
79%
832 km Hungary
77%
437 km Czech Republic
74%
788 km Monaco
74%
812 km Croatia
71%
No matching quizzes found
Score Distribution
Percent of People with Each Score
Percentile by Number Answered
Your Score History
You have not taken this quiz